The rape of the lock (Record no. 4287)

MARC details
000 -LEADER
fixed length control field 00490cam a2200193ua 4500
008 - FIXED-LENGTH DATA ELEMENTS--GENERAL INFORMATION
fixed length control field 120303n ii |||gr||||Z||||||eng
020 ## - INTERNATIONAL STANDARD BOOK NUMBER
International Standard Book Number 0-19-560693-0
040 ## - CATALOGING SOURCE
Transcribing agency MAIN
082 ## - DEWEY DECIMAL CLASSIFICATION NUMBER
Classification number 821
100 ## - MAIN ENTRY--PERSONAL NAME
Personal name Pope, Alexander,
Relator term
245 11 - TITLE STATEMENT
Title The rape of the lock
Statement of responsibility, etc. by Alexander Pope
250 ## - EDITION STATEMENT
Edition statement 13th.
260 ## - PUBLICATION, DISTRIBUTION, ETC.
Place of publication, distribution, etc. New Delhi:
Name of publisher, distributor, etc. Oxford university press,
Date of publication, distribution, etc. 1993.
300 ## - PHYSICAL DESCRIPTION
Extent 148p:
Dimensions 15cm.
700 ## - ADDED ENTRY--PERSONAL NAME
Personal name Kaul, R. K.,
Relator term
942 ## - ADDED ENTRY ELEMENTS (KOHA)
Koha item type Books
653 ## - INDEX TERM--UNCONTROLLED
Uncontrolled term English poetry
Holdings
Withdrawn status Lost status Damaged status Not for loan Home library Current library Shelving location Date acquired Total Checkouts Full call number Barcode Date last seen Copy number Price effective from Koha item type
        Central Library, Naharkatiya College Central Library, Naharkatiya College General Stacks 19/09/2020   821 | POP 4691 19/09/2020 1 19/09/2020 Books

Naharkatiya College © 2020. All rights reserved.

Powered By